| 000 | 00892cab a2200229 4500 | ||
|---|---|---|---|
| 001 | ABS57424 | ||
| 008 | 090401t1997 xxu||||| |||| 00| 0 eng d | ||
| 035 | _a(Sirsi) u80299 | ||
| 041 | _aeng | ||
| 100 | _aWiwen-Nilsson, T | ||
| 245 | 4 | _aThe 1996 edition of the ENAA model form - international contract for power plant construction - a brief review | |
| 260 | _c1997 | ||
| 350 | _a0 | ||
| 490 |
_aInternational Construction Law Review _v14(3)July 1997, 274-288(16) |
||
| 520 | _aReviews the Engineering Advancement Association model form of contract 1996 intended for power plant construction on a turnkey basis. | ||
| 650 | _aENAA MODEL FORM OF INTERNATIONAL CONTRACT FOR POWER PLANT CONSTRUCTION | ||
| 650 | _aENGINEERING ADVANCEMENT ASSOCIATION OF JAPAN | ||
| 650 | _aPOWER PLANTS | ||
| 690 | _aBUILT ENVIRONMENT-BUILDING CONTRACT FORMS | ||
| 942 | _n0 | ||
| 948 | _c18/08/1997 | ||
| 999 |
_c50563 _d50563 |
||